| 000 | 00699nam a2200217 i 4500 | ||
|---|---|---|---|
| 001 | 72330 | ||
| 003 | ES-MaACL | ||
| 005 | 20230906171415.0 | ||
| 007 | t| | ||
| 008 | 040831s1960 sp ||||1| spa d | ||
| 100 | 0 |
_aGiuglaris, Marcel. _957358 |
|
| 245 | 1 | 3 |
_aEl Japón pierde la guerra del Pacífico / _cMarcel Giuglaris ; [traducción y notas de Manuel Aznar Acedo]. |
| 260 |
_aMadrid : _bCid, _c[1960] ( _fDirección) |
||
| 300 |
_a526 p. ; _c20 cm. |
||
| 490 | 1 |
_aVértice ; _v6 |
|
| 650 | 0 | 4 |
_aGuerra mundial, 1939-1945- _zPacífico. _913249 |
| 700 | 1 |
_aAznar Acedo, Manuel. _924303 |
|
| 830 | 0 |
_aVértice ; _v6 _9182682 |
|
| 852 |
_aES-MaACL _jC-17651 _bR.45765 |
||
| 999 |
_c72330 _d72330 |
||